Alternative models of the communication system implementations
Uložené v:
| Hlavný autor: | |
|---|---|
| Ďalší autori: | , |
| Médium: | Kapitola |
| Jazyk: | English |
| Tagy: |
Žiadne tagy, Buďte prvý, kto otaguje tento záznam!
|
MARC
| LEADER | 00000nla a2200000 4500 | ||
|---|---|---|---|
| 001 | 0225803 | ||
| 005 | 20240502073713.8 | ||
| 041 | 0 | |a eng | |
| 044 | |a SK | ||
| 245 | 1 | 0 | |a Alternative models of the communication system implementations |c Jaroslav Dugas, Július Kmec, Peter Zahumenský |
| 500 | |a Abstrakt | ||
| 100 | 1 | |a Dugas, Jaroslav, 1967- | |
| 700 | 1 | |a Kmec, Július, 1982 | |
| 700 | 1 | |a Zahumenský, Peter | |